Japan and the global automotive industry /

Bibliographic Details
Main Author: Shimokawa, Kōichi, 1930-
Format: Book
Language:English
Published: Cambridge ; New York : Cambridge University Press, 2010.
Subjects:

MARC

Tag First Indicator Second Indicator Subfields
LEADER 00000cam a2200000 a 4500
001 in00002563021
005 20151201153737.0
008 100224s2010 enkab b 001 0 eng
015 |a GBB033414  |2 bnb 
016 7 |a 015499687  |2 Uk 
020 |a 9780521866873 (hbk.) 
020 |a 0521866871 (hbk.) 
029 1 |a CDX  |b 10722908 
029 1 |a AU@  |b 000045791879 
035 |a (OCoLC)ocn466341153 
035 |a (OCoLC)466341153 
040 |a UKM  |c UKM  |d BTCTA  |d YDXCP  |d CDX  |d C#P  |d VPI  |d UtOrBLW 
043 |a a-ja--- 
049 |a TXAM 
050 4 |a HD9710.J32  |b S55 2010 
082 0 4 |a 338.4762920952  |2 22 
100 1 |a Shimokawa, Kōichi,  |d 1930- 
245 1 0 |a Japan and the global automotive industry /  |c Koichi Shimokawa. 
264 1 |a Cambridge ;  |a New York :  |b Cambridge University Press,  |c 2010. 
300 |a xix, 327 pages :  |b illustrations, maps ;  |c 24 cm. 
336 |a text  |b txt  |2 rdacontent 
337 |a unmediated  |b n  |2 rdamedia 
338 |a volume  |b nc  |2 rdacarrier 
504 |a Includes bibliographical references and index. 
505 0 |a Comparing productivity of the Japanese and US automobile industries -- The internationalization of the Japanese automotive industry and local production overseas -- The recovery of European and US auto makers, and relocating and changing lean production -- Early 1990s : the Japanese automotive industry loses international competitiveness, and the development of restructuring strategies -- The restructuring of the global automotive and auto-parts industries -- The restructuring of the world's auto-parts industry and the transfiguration of the keiretsu parts transaction -- Global M&A and the future of the global auto industry : the light and dark sides of merger and re-alignment -- The Asian and ASEAN automotive industries in the global era -- China's automotive industry in the global era, Japanese auto makers, and their China strategies -- Conclusion : the global automotive industry's perspective on the twenty-first century and tasks for the Japanese automotive industry. 
650 0 |a Automobile industry and trade  |z Japan. 
938 |a Baker and Taylor  |b BTCP  |n BK0008663849 
938 |a YBP Library Services  |b YANK  |n 3168025 
938 |a Coutts Information Services  |b COUT  |n 10722908 
945 |a PromptCat  |b 53184 
946 |a stk 
947 |a A14840222110 
994 |a 92  |b TXA 
948 |a Cataloged  |b h  |c 2010/8/23  |d c  |e ibarton 
999 |a MARS 
999 f f |s 3e588f98-cf46-330d-893a-c4a7ad0d2682  |i b1f50c6b-114f-3c9e-a98d-17c36a8b07a8  |t 0 
952 f f |p ric  |a Texas A&M University  |b Rellis Campus  |c Joint Library Facility  |d Remote Storage  |t 0  |e HD9710.J32 S55 2010  |h Library of Congress classification  |i unmediated -- volume  |m A14840222110 
998 f f |a HD9710.J32 S55 2010  |t 0  |l Remote Storage